| 000 | 01137nam a22002777a 4500 | ||
|---|---|---|---|
| 005 | 20240530110430.0 | ||
| 008 | 150330s2004 su o f 001 0 ara d | ||
| 017 |
_a1424/3146 _bالسعودية . مكتبة الملك فهد |
||
| 020 | _a9960403912 | ||
| 040 | _aEG-CaGPL | ||
| 082 | 0 | 4 |
_221 _a302.2 _bط/ج س |
| 100 |
_aجراهام ، ايان _qايان جراهام |
||
| 245 | 1 | 2 |
_aالافلام والتصوير الفتوغرافى / _cتاليف ايان جراهام ؛ ترجمة مركز التعريب والترجمة بمكتبة العبيكان |
| 250 | _aط1 | ||
| 260 |
_aالرياض : _bمكتبة العبيكان ، _c2004 . |
||
| 300 |
_a49 ص : _bصور ؛ _c30 سم |
||
| 490 | 0 | _aسلسلة الاتصالات تحت المجهر | |
| 650 | 0 | 4 | _aالتصوير |
| 650 | 0 | 4 | _aالتصوير بالاشعة |
| 650 | 0 | 4 | _aالتصوير الضوئى |
| 650 | 0 | 4 | _aالصور المتحركة |
| 650 | 0 | 4 | _aالات التصوير |
| 710 | 2 |
_aمركز التعريب والترجمة بمكتبة العبيكان _eمترجم |
|
| 942 |
_2ddc _cBK |
||
| 999 |
_c60830 _d60830 |
||